La decisin̤ de acusar. Un estudio a la luz del sistema acusatorio inglš /

Bibliographic Details
Main Author: Moreno, Juan Damiǹ
Format: eBook
Language:Spanish
Published: Madrid: Dykinson, 2014
Subjects:
Online Access:Acceso restringido

MARC

LEADER 00000nam a22000007a 4500
005 20140602212752.0
007 cr|||| ||||
008 140602s2014 es |||||s|||| 00||0 spa d
020 |a 978-84-9031-936-9 
035 |a 12183 
040 |a vLex 
090 |c 4968  |d 4968 
100 1 |a Moreno, Juan Damiǹ 
245 1 3 |a La decisin̤ de acusar.  |h [Recurso electrn̤ico] :  |b Un estudio a la luz del sistema acusatorio inglš /  |c Juan Damiǹ Moreno 
256 |a Servicio en ln̕ea 
260 |a Madrid:  |b Dykinson,  |c 2014 
300 |a 1 recurso electrn̤ico 
500 |a Acusar a alguien de la comisin̤ de un delito constituye una de las decisiones ms̀ trascendentales y graves del proceso penal: the process is the punishment. La sociedad espaǫla es cada vez ms̀ consciente de que es preciso que este tipo de decisiones est ̌sometido a criterios uniformes, claros y transparentes y que sirvan para evitar que los ciudadanos puedan llegar a ser objeto de investigaciones indiscriminadas o de acusaciones infundadas o injustificadas. Adems̀, esta decisin̤ se erige en un autňtico desafo̕ intelectual para el Ministerio Fiscal, que es quien legalmente tiene la obligacin̤ de promover el ejercicio de la accin̤ penal. As ̕pues, en un momento en que se nos ha vuelto a dar la oportunidad de abordar la reforma del proceso penal, el autor opina que resulta imprescindible suscitar de nuevo el debate sobre esta importante cuestin̤ y lo hace considerǹdolo en esta ocasin̤ precisamente a la luz del proceso penal inglš, que es el que suele tomarse como modelo para referirse a un proceso tp̕icamente acusatorio. Con este props̤ito, se incluye la versin̤ traducida del Code for Crown Prosecutors que ha realizado la Profesora Titular de Traduccin̤ e Interpretacin̤ de la UAM, Esther Vz̀quez y del ℓrbol. 
506 1 |a Disponible solo en los productos indicados  |d vLex Global  |d vLex Global (Academic Edition, excluding Law Schools)  |d vLex Global (U.S. Academic Edition, Law Schools)  |d vLex Global (U.S. Academic Edition, excluding Law Schools)  |d vLex Global (Academic Edition, Law Schools) 
650 0 4 |a Derecho Civil  |z Espaą 
650 0 4 |a Derecho Procesal  |z Espaą 
740 0 |a vLex Libros (Servicio en ln̕ea) 
856 4 0 |u http://vlex.com/source/decision-de-acusar-un-estudio-a-la-luz-del-sistema-acusatorio-ingles-12183  |z Acceso restringido 
942 |c BOOK 
999 0 |a Civil Law 
999 0 |a Litigation